| 000 | 00399nam a2200157 a 4500 | ||
|---|---|---|---|
| 001 | 5820 | ||
| 003 | CDMR | ||
| 005 | 20131112144000.0 | ||
| 008 | 130130s ||||||||||||||||||||||||||||d | ||
| 040 |
_aCDMR _bcat _cCDMR |
||
| 245 | 0 | _aLlibre d'estil d'El Punt | |
| 300 | _a165 p. | ||
| 500 | _aEs tracta d'una enquadernació fotocopiada | ||
| 650 |
_93086 _aPeriodisme _xManuals d'estil |
||
| 942 |
_cMON _2udc |
||
| 999 |
_c5820 _d5820 |
||